000 01281 a2200349 4500
001 70020
003 Mx-PuUPA
005 20230524101157.0
008 230524s2020 guaad||fr|||| 00| 0 eng d
020 _a9780323609135
040 _aMx-PuUPA
_bspa
_cMx-PuUPA
_dMx-PuUPA
_erda
041 0 _aeng
245 1 0 _aOrthotics and prosthetics in rehabilitation /
_cKevin K. Chui, Milagros "Millee" Jorge, Sheng-Che Yen, Michelle M. Lusardi
250 _aFourth edition
264 1 _aSt. Louis, Missouri :
_bElsevier, Inc.,
_c©2020
300 _axiv, 817 páginas :
_bilustraciones, diagramas, tablas ;
_c29 cm
336 _2rdacontent
_atexto
_btxt
337 _2rdamedia
_asin medio
_bn
338 _2rdacarrier
_avolumen
_bnc
650 7 _2armarc
_aAparatos ortoédicos
650 7 _2armarc
_aImplantes ortopédicos
650 7 _2armarc
_aPrótesis
650 7 _2armarc
_aPersonas con discapacidad
_xRehabilitación
700 1 _aChui, Kevin K.,
_eautor
_914193
700 1 _aMilagros, Jorge,
_eautor
700 1 _aYen, Sheng-Che,
_eautor
700 1 _aLusardi, Michelle M.,
_eautor
942 _2ddc
_cLI
_h617.47
_iO77
999 _c70020
_d70020